แสดงรายละเอียดบรรณานุกรม
  กลับหน้าหลัก

Brief Record : Get Marc (ISO 2709) : E-mail record : QR code ปิดหน้าต่าง
คิดแบบบูรณาการ:เพิ่มพลังกระบวนการคิดตามแบบวิถีของผู้นำที่ประสบความสำเร็จ= The opposable mind Review โดย
ใช้งานได้ทุกระบบ
ห้องสมุด วพบ.ขอนแก่น
ใช้งานได้ทุกระบบ เมื่อ19/เมษายน/2559
สารบัญ
  • บทที่ 1 : ทางเลือก ความขัดแย้ง กับประกายความคิดสร้างสรรค์
  • บทที่ 2 : อย่ายอมรับความเป็นรอง
  • บทที่ 3 : ความจริง การขัดขืน และคำตอบ
  • บทที่ 4 : ก้าวผ่านความซับซ้อน
  • บทที่ 5 : วาดแผนที่ความคิด
  • บทที่ 6 : การสร้างเค้าโครงความคิด
  • บทที่ 7 : ก้าวกระโดดของความคิด
  • บทที่ 8 : ความเพียบพร้อมของประสบการณ์

E-books : เกี่ยวกับ Collections
LEADER 00000nam 2200000uu 4500
001    210680
003     ULIBM
008    020711s2553 th a 000 0 tha d
020    978-974-414-153-8
050    HD57.7 ม464ค 2553
245    คิดแบบบูรณาการ:เพิ่มพลังกระบวนการคิดตามแบบวิถีของผู้นำที่ประสบความสำเร็จ=^bThe opposable mind/^cผู้เขียน;Roger Martin;ผู้แปล ปวีณา แปลงประวัติ
246 00 เพิ่มพลังกระบวนการคิดตามแบบวิถีของผู้นำที่ประสบความสำเร็จ
250    พิมพ์ครั้งที่ 1
260    กรุงเทพฯ :^bเอ็กซ์เปอร์เน็ต,^c2553
300    248 หน้า :^bภาพประกอบ ;^c24 ซม.
650  0 ภาวะผู้นำ^xแง่จิตวิทยา
650  0 ความคิดและการคิด
650  0 การแก้ปัญหา
650  0 การตัดสินใจ
650  0 ผู้ประสบความสำเร็จ^xสัมภาษณ์
700 0  Roger Martin
700 0  ปวีณา แปลงประวัติ;ผู้แปล
999    ^aใช้งานได้ทุกระบบ
รายการนี้ยังไม่มีแท็ก
คุณยังไม่ได้ล็อกอิน คุณสามารถมีกิจกรรมร่วมกับเว็บไซต์ได้ แต่ต้องล็อกอินก่อน ::
  ล็อกอิน
ลำดับที่ ประเภท เลขเรียก สถานที่ สถานะ
1. หนังสือทั่วไป
หนังสือทั่วไป
สถานะ=หนังสือเก่า - บริการ ณ ห้องสมุด (ห้องเหลือง)
HD57.7 ม464ค 2553 ฉ.2 
  
หนังสือทั่วไป On Shelf
  ขอยืม
2. หนังสือทั่วไป
หนังสือทั่วไป
สถานะ=หนังสือเก่า - บริการ ณ ห้องสมุด (ห้องเหลือง)
HD57.7 ม464ค 2553 ฉ.5 
  
หนังสือทั่วไป On Shelf
  ขอยืม
   [แสดง 2/2 รายการ]

รายการใกล้เคียง
    หัวเรื่อง [ความคิดและการคิด]
    หัวเรื่อง [การแก้ปัญหา]
    หัวเรื่อง [การตัดสินใจ]

BibComment


ยังไม่เคยถูกคอมเมนท์

คอมเมนท์ทรัพยากรรายการนี้
  คอมเมนท์: คิดแบบบูรณาการเพิ..
Bib 210680

 
 
 

 Union Library Management : ULibM
Copyright 2026. All Rights Reserved.
скачать бесплатно без регистрации порно красивый секс HD Sex Hindi sex

xxx gou

xxxx

bfxxx

xxxwww

Секса Видео

xxxx

Секса Видео

detube

geilexxx

C99 Shell

worms shell

blod xxx video
Ebony Coed Rihanna Rimes Takes A Dick In Her Young Twat priyaa indian fuck anal and pusssy hardcore indian women xxx desi hardcore fucking part 1 bengalixxxcouple